Marvel Characters in Profile Quiz Stats

 Plays Quiz not verified by Sporcle

Support Sporcle.
Go Orange.
Score 0/45 Timer 05:00
0 Plays Today
% Correct
Ant-Man
97.6%
Spider-Man
96.6%
Hulk
96.4%
Captain America
95.7%
Wolverine
94.5%
Iron Man
94.5%
Beast
94.2%
Deadpool
94.2%
Thor
93.8%
Venom
93.7%
Cyclops
93%
Black Panther
92.3%
Red Skull
92.3%
Loki
91.8%
Doctor Strange
91.6%
Hawkeye
91.5%
Storm
91.3%
Doctor Octopus
90.9%
Green Goblin
90.8%
Scarlet Witch
90.1%
Daredevil
90.1%
War Machine
89.1%
Mystique
89.1%
% Correct
Red Hulk
88.2%
Gambit
88%
Magneto
87.9%
Colossus
87.7%
Nightcrawler
87.7%
Rogue
85.8%
Punisher
84.1%
Iron Fist
80.2%
Mysterio
79.7%
Luke Cage
77.9%
Bullseye
77.6%
Cable
77.3%
Black Cat
77.1%
Moon Knight
76.9%
Jubilee
71.8%
Ghost Rider
70.3%
Bishop
69.2%
Kraven the Hunter
67%
Vision
66.8%
Sentinel
65.3%
Archangel
65%
Puck
53.7%

You're not logged in!

Compare scores with friends on all Sporcle quizzes.
OR
Log In

From the Vault

TV Shows 1-4/A-Z

by sproutcm

We try to watch all our TV in Alphanumeric order...it keeps us sharp.
Remove Ads.
Support Sporcle.
Get the best of Sporcle when you Go Orange. This ad-free experience offers more features, more stats, and more fun while also helping to support Sporcle. Thank you for becoming a member.

Show Comments

Extras

Top Quizzes Today


Score Distribution

Your Account Isn't Verified!

In order to create a playlist on Sporcle, you need to verify the email address you used during registration. Go to your Sporcle Settings to finish the process.

Report this User

Report this user for behavior that violates our Community Guidelines.

Details: